000 00661cam a22002411 4500
001 ne 68003864
003 DLC
005 20260227111847.0
008 921123m19669999tu b 000 0 tur
010 _ane 68003864
035 _a(OCoLC)27019825
040 _aDLC
_cCU
_dCU
_dDLC
041 0 _aturara
042 _apremarc
050 0 0 _aBP183.6
_b.G8
100 1 _aGüzelyazıcı, Abdurrahman Şeref.
245 1 0 _aFatih minberinden müʼminlere hutbeler.
260 _aİstanbul,
_bÇeltüt Matbaacılık,
_c1966-
300 _av.
_c23 cm.
500 _aTurkish or Arabic.
504 _aIncludes bibliographies.
650 0 _aIslamic sermons, Turkish.
999 _c50851
_d50851